000 00640nam a2200229Ia 4500
003 OSt
005 20220923212326.0
006 a|||||r|||| 00| 0
007 ta
008 220922b |||||||| |||| 00| 0 hin d
024 _a152,276
037 _cTextual
040 _aARTS
_cARTS
_bhin
041 _2hin
_ahin
082 _aN12:C, 152J6
100 _aजगदीश चन्द्र
_9156318
245 0 _aकला के प्राण बुद्व
246 _aKalā ke prāṇ budva
260 _c1956
942 _hN12:C, 152J6
_cTEXL
_2CC
999 _c307925
_d307925